00000000nam 2200000za 4500
0019.846942
003CaOODSP
00520221107153326
007cr |||||||||||
008171110s1988    onc    |o    f|0| 0 fre d
040 |aCaOODSP|bfre
043 |an-cn---
0861 |aCS11-0019/19F-PDF
1001 |aRowe, G.
24510|aRépartitions des risques de mortalité |bune analyse de tables de mortalité / |h[ressource électronique] : |cpar Geoff Rowe.
260 |a[Ottawa] : |bStatistique Canada, |c1988.
300 |a[36] p.
4900 |aDocuments de recherche ; |vno. 19
500 |aPubl. aussi en anglais sous le titre : Mortality risk distribution: a life table analysis.
500 |aÉdition numérisée de l'imprimé [par Statistique Canada].
504 |aComprend des références bibliographiques.
520 |a« La présente étude examine la répartition des risques de mortalité au Canada pendant la période 1975-1977. La description repose sur des estimations non paramétriques des densités de probabilité des risques de mortalité dans des groupes d'âges quinquennaux. Ces estimations sont tirées de données sur la mortalité par âge dans des petites régions, après ajustement destiné à tenir compte de la variabilité d'échantillonnage. »--Résumé.
69207|2gccst|aTaux de mortalité
7102 |aStatistique Canada. |bDirection des études analytiques.
77508|tMortality risk distribution |w(CaOODSP)9.846940
830#0|aDocuments de recherche (Statistique Canada. Direction des études analytiques)|vno 19|w(CaOODSP)9.500842
85640|qPDF|s3.30 Mo|uhttps://publications.gc.ca/collections/collection_2017/statcan/11f0019m/CS11-0019-19-fra.pdf